| 000 | 00386nam a22001577a 4500 | ||
|---|---|---|---|
| 003 | SGT | ||
| 020 | _a978-16091-3811-4 | ||
| 082 |
_a612.8 _bN13B |
||
| 100 | _aBHATNAGAR, SHUASH C. | ||
| 245 | _aNEUROSCIENCE OF THE STUDY OF COMMUNICATIVE DISORDERS | ||
| 250 | _a4TH | ||
| 260 |
_aPHILADELPHIA _bWOLTER KULWER _c2013 |
||
| 300 | _a581 | ||
| 650 | _aNEUROSCIENCE | ||
| 942 |
_2ddc _cBK |
||
| 999 |
_c15421 _d15421 |
||